| 000 | 00848nam a22002057a 4500 | ||
|---|---|---|---|
| 999 |
_c146123 _d146123 |
||
| 005 | 20230614101540.0 | ||
| 010 | _a1718EN-30 B-684410-426 ENG-137130 | ||
| 020 |
_a9788130933689 _c350.00 |
||
| 035 | _aB-684410-426 EN-120662 | ||
| 037 |
_bViva _adpl |
||
| 082 | _a398.9 | ||
| 100 | _aManser,Martin H. | ||
| 245 |
_aProverbs: _cby Martin H. Manser; edited by Rosalind Fergusson _bmeanings & origins of more than 1500 popular sayings / |
||
| 260 |
_c2015 _aNew Delhi _bViva Books |
||
| 270 |
_a4737/23, Ansari Road, Darya Ganj, _bNew Delhi _e110002 |
||
| 300 |
_c21cm(pbk) _aviii,439p. |
||
| 700 | _aFergusson, Rosalind | ||
| 942 |
_cEN _2ddc _mMAN _h398.9 |
||